| Tag |
First Indicator |
Second Indicator |
Subfields |
| LEADER |
00000cam a2200000 i 4500 |
| 001 |
in00004427708 |
| 005 |
20211120111224.0 |
| 006 |
m o d f |
| 007 |
cr b|||||||||| |
| 008 |
190220s1987 njuab ob f000 0 eng d |
| 019 |
|
|
|a 966434547
|a 1103178845
|
| 035 |
|
|
|a (OCoLC)on1086393013
|
| 040 |
|
|
|a OCLCE
|b eng
|e rda
|e pn
|c OCLCE
|d OCLCQ
|d COP
|d OCLCF
|d GPO
|d MvI
|d UtOrBLW
|
| 042 |
|
|
|a dlr
|
| 043 |
|
|
|a n-us-nj
|
| 049 |
|
|
|a WWW
|
| 074 |
|
|
|a 0624-B-05 (online)
|
| 086 |
0 |
|
|a I 19.42/4:87-4146
|
| 100 |
1 |
|
|a Kish, George R.,
|e author.
|0 http://id.loc.gov/authorities/names/n87889494
|
| 245 |
1 |
0 |
|a Trace-metal leaching from plumbing materials exposed to acidic ground water in three areas of the coastal plain of New Jersey /
|c by George R. Kish, Jo Ann Macy, and Robert T. Mueller ; prepared in cooperation with the New Jersey Department of Environmental Protection, Office of Science and Research.
|
| 246 |
3 |
|
|a Trace metal leaching from plumbing materials exposed to ground water in three areas of the coastal plain of New Jersey
|
| 264 |
|
1 |
|a West Trenton, New Jersey :
|b U.S. Geological Survey,
|c 1987.
|
| 300 |
|
|
|a 1 online resource (iv, 19 pages) :
|b illustrations, map.
|
| 336 |
|
|
|a text
|b txt
|2 rdacontent
|
| 337 |
|
|
|a computer
|b c
|2 rdamedia
|
| 338 |
|
|
|a online resource
|b cr
|2 rdacarrier
|
| 490 |
1 |
|
|a Water-resources investigation report
|
| 490 |
1 |
|
|a U.S. Geological Survey water-resources investigations report ;
|v 87-4146
|
| 588 |
|
|
|a Description based on online resource; title from PDF title page (USGS, viewed Nov. 3, 2020).
|
| 504 |
|
|
|a Includes bibliographical references (pages 17-19).
|
| 650 |
|
0 |
|a Trace elements in water
|z New Jersey.
|
| 650 |
|
0 |
|a Plumbing
|x Equipment and supplies
|x Environmental aspects.
|
| 650 |
|
0 |
|a Metals
|x Environmental aspects
|z New Jersey.
|
| 650 |
|
7 |
|a Metals
|x Environmental aspects.
|2 fast
|0 (OCoLC)fst01018099
|
| 650 |
|
7 |
|a Trace elements in water.
|2 fast
|0 (OCoLC)fst01153558
|
| 651 |
|
7 |
|a New Jersey.
|2 fast
|0 (OCoLC)fst01208379
|
| 700 |
1 |
|
|a Macy, Jo Ann,
|e author.
|0 http://id.loc.gov/authorities/names/n87889495
|
| 700 |
1 |
|
|a Mueller, Robert T.,
|e author.
|0 http://id.loc.gov/authorities/names/n87889496
|
| 710 |
2 |
|
|a Geological Survey (U.S.),
|e issuing body.
|0 http://id.loc.gov/authorities/names/n80092173
|
| 710 |
1 |
|
|a New Jersey.
|b Department of Environmental Protection.
|b Office of Science and Research.
|0 http://id.loc.gov/authorities/names/n84104093
|
| 776 |
0 |
8 |
|i Print version:
|a Kish, George R.
|t Trace-metal leaching from plumbing materials exposed to acidic ground water in three areas of the coastal plain of New Jersey
|w (OCoLC)17448181
|
| 830 |
|
0 |
|a Water-resources investigations report ;
|v 87-4146.
|0 http://id.loc.gov/authorities/names/n84746268
|
| 856 |
4 |
0 |
|u https://purl.fdlp.gov/GPO/gpo147074
|t 0
|
| 999 |
f |
f |
|s ecb90b02-1b3b-34ae-a291-edf8e1a22830
|i aa6713e7-86c6-3505-89b1-64b95b212c65
|t 0
|
| 952 |
f |
f |
|a Texas A&M University
|b College Station
|c Electronic Resources
|d Available Online
|t 0
|e I 19.42/4:87-4146
|h Superintendent of Documents classification
|
| 998 |
f |
f |
|a I 19.42/4:87-4146
|t 0
|l Available Online
|